000
00295nam a22001097a 4500
082
_a
670 MAS'E
100
_a
DANILEVSKY, V,SABOR, V,MASLOO, D
_9
79774
245
_a
ENGINEERING MANUFACTURING PROCESSES IN MACHINE AND ASSEMBLY SHOPS
260
_a
MOSCOW
_b
MIR
_c
1967
300
_a
420P
942
_c
BK
999
_c
584770
_d
584770